000 00669nam a2200229 a 4500
001 000039532
003 DO-SdBNP
005 20230215104836.0
007 ta
008 130705s19uu dr a 000 0 spa d
040 _aDO-SdBNP
_bspa
_cBNPHU
082 _axxxx
_222
_bR788p
100 1 _aRosa, Gilberto, de la
_964700
245 1 0 _aPetan :
_bun cacique en la Era de Trujillo /
_cGilberto de la Rosa.
260 _aSantiago, República Dominicana :
_bUniversidad Catolica Madre y Maestra,
_c[19uu].
300 _a154 p. :
_bil. ;
_c21 cm.
490 1 _aEstudios
590 _aInventariado, 2023 /DG
830 0 _aEstudios
_93854
910 _aDG
942 _2ddc
_cLBS1
999 _c39022
_d39022